|
|
|
|
| LEADER |
00845nta a2200181 i 4500 |
| 001 |
dipl85205 |
| 005 |
20200514071434.0 |
| 008 |
200513s2017 hu om 0|| hun d |
| 040 |
|
|
|a SZTE Diploma Repozitórium
|b hun
|
| 041 |
|
|
|a hun
|
| 100 |
1 |
|
|a Ábrahám Márk
|
| 245 |
1 |
2 |
|a A munkanélküliség Magyarországon a 2008-as válság után és a közfoglalkoztatás, mint lehetséges megoldás
|h [elektronikus dokumentum] /
|c Márk Ábrahám
|
| 246 |
1 |
0 |
|a Unemployment in Hungary Following the Crisis in 2008 and Public Employment / Work as a Possible Solution
|h [elektronikus dokumentum]
|
| 260 |
|
|
|c 2017
|
| 650 |
|
4 |
|a Jogi és igazgatási tanulmányok
|
| 650 |
|
4 |
|a Labour economics, income distribution and poverty
|
| 700 |
1 |
|
|a Rossu Balázs Roland
|e ths
|
| 856 |
4 |
0 |
|u http://diploma.bibl.u-szeged.hu/id/eprint/85205/1/2017_abraham_mark.pdf
|z Dokumentum-elérés
|